| 000 | 00879cam a22002533u 4500 | ||
|---|---|---|---|
| 001 | 010407879 | ||
| 005 | 20140302115057.0 | ||
| 008 | 040420t1989 xxkadk grb 001 0 eng d | ||
| 020 | _a0471922595 | ||
| 020 | _a0471922609 (pbk) | ||
| 020 | _a9780471922605 | ||
| 040 |
_aUk _cUk |
||
| 082 | 0 | 4 |
_222 _a658.788 _bWES |
| 100 | 1 |
_aWest, Alan _935118 |
|
| 245 | 0 | 0 |
_aManaging distribution and change : _bthe total distribution concept / _cAlan West. |
| 260 |
_aChichester, United Kingdom : _bJohn Wiley & Sons, _cc.1989 _e(Tiptree, United Kingdom : _fCourier International Ltd.) |
||
| 300 |
_axii, 265 p. : _bchart, forms, tables ; _c23 cm. |
||
| 500 | _aIndex : p. 260-265. | ||
| 504 | _aBibliography : p. 258-259. | ||
| 650 | 0 |
_931013 _aPhysical distribution of goods _xManagement |
|
| 653 |
_bBUSADM _cFebruary2014 |
||
| 655 |
_vreading book _934232 |
||
| 942 |
_2ddc _k658.788 WES |
||
| 999 |
_c18047 _d18019 |
||